Europa: Geografie mit J - Statistiken

Allgemein
  • Dieses Quiz wurde 208 mal gespielt
  • Das Durchschnittsergebnis liegt bei 7 aus 12
Antwortstatistiken
Hinweis Antwort % Korrekt
Ehemaliges Land in Südosteuropa, das in den 1990er Jahren zerfiel Jugoslawien
97%
Zweitgrößte Stadt in Thüringen Jena
93%
Halbinsel, die den Festlandteil Dänemarks bildet Jütland
88%
Größte der Kanalinseln Jersey
73%
Name mehrerer Pilgerwege, die in Santiago de Compostela enden Jakobsweg
64%
Gebirge in Frankreich und der Schweiz, Schweizer Kanton oder schottische Insel Jura
60%
Eine der ostfriesischen Inseln Juist
55%
Berg in den Schweizer Alpen, der zusammen mit Eiger und Mönch eine markante Dreiergruppe bildet Jungfrau
49%
Stadt in Andalusien, aus der der Sherry stammt {Jerez} de la Frontera
47%
"Gletscher" auf Isländisch, z. B. in Vatna______ oder Eyjafjalla______ Jökull
38%
Seebad in der Nähe von Venedig Jesolo
31%
8. Gemeindebezirk im Zentrum von Wien {Josef}stadt
25%
Keine übereinstimmenden Quizze gefunden
Verteilung der Resultate
Anzahl Personen mit jedem Resultat
Perzentil nach korrekt beantworteten Fragen
Ihre Resultats-Entwicklung
Sie haben dieses Quiz noch nicht gespielt